书目信息 |
| 题名: |
建筑工程施工技术试题库
|
|
| 作者: | 胡慨 主编 | |
| 分册: | ||
| 出版信息: | 北京 中国水利水电出版社 2014 |
|
| 页数: | 150页 | |
| 开本: | 26cm | |
| 丛书名: | ||
| 单 册: | ||
| 中图分类: | TU74-44 | |
| 科图分类: | ||
| 主题词: | 建筑工程--工程施工--高等职业教育--题库 , 建筑工程 | |
| 电子资源: | ||
| ISBN: | 978-7-5170-2025-7 | |
| 000 | 00856nam0 2200241 450 | |
| 001 | 141072 | |
| 005 | 20141106102252.31 | |
| 010 | @a978-7-5170-2025-7@dCNY 25.00 | |
| 100 | @a20140828d2014 em y0chiy50 ea | |
| 101 | 0 | @achi |
| 102 | @aCN@b110000 | |
| 105 | @aa q 000yy | |
| 200 | 1 | @a建筑工程施工技术试题库@9jian zhu gong cheng shi gong ji shu shi ti ku@b专著@f胡慨主编 |
| 210 | @a北京@c中国水利水电出版社@d2014 | |
| 215 | @a150页@c图@d26cm | |
| 300 | @a高职高专土建类建筑工程技术专业课程试题库 | |
| 330 | @a本书共包括七个任务,分别是:土方工程,地基与基础工程施工,砌筑工程,混凝土结构工程,结构安装工程,防水施工,装饰施工。试题库后附试题答案。 | |
| 606 | 0 | @a建筑工程@x工程施工@x高等职业教育@j题库 |
| 606 | 0 | @a建筑工程 |
| 690 | @aTU74-44@v5 | |
| 701 | 0 | @a胡慨@9hu kai@4主编 |
| 801 | 0 | @aCN@bZL@c20141106 |
| 905 | @a241430@dTU74-44@eH483 | |
| 建筑工程施工技术试题库/胡慨主编.-北京:中国水利水电出版社,2014 |
| 150页:图;26cm |
| 高职高专土建类建筑工程技术专业课程试题库 |
| ISBN 978-7-5170-2025-7:CNY 25.00 |
| 本书共包括七个任务,分别是:土方工程,地基与基础工程施工,砌筑工程,混凝土结构工程,结构安装工程,防水施工,装饰施工。试题库后附试题答案。 |
| ● |
| 相关链接 |
|
|
|
正题名:建筑工程施工技术试题库
索取号:TU74-44/H483
 
预约/预借
| 序号 | 登录号 | 条形码 | 馆藏地/架位号 | 状态 | 备注 |
| 1 | 0836832 | 208368327 | 建筑库201/201建筑库 108排5列3层/ [索取号:TU74-44/H483] | 在馆 | |
| 2 | 0836833 | 208368336 | 建筑库201/201建筑库 108排5列3层/ [索取号:TU74-44/H483] | 在馆 | |
| 3 | 0836834 | 208368345 | 建筑库201/201建筑库 108排5列3层/ [索取号:TU74-44/H483] | 在馆 |